Supplemental Nutrition Assistance Program: disseminating information on successful use of data analytics could help states manage fraud risks : report to congressional requesters.

Bibliographic Details
Corporate Author: United States. Government Accountability Office (Author)
Format: Government Document eBook
Language:English
Published: Washington, DC : United States Government Accountability Office, 2018.
Subjects:
Online Access:https://purl.fdlp.gov/GPO/gpo187967

MARC

Tag First Indicator Second Indicator Subfields
LEADER 00000nam a2200000 i 4500
001 in00004642000
006 m o d f
007 cr |||||||||||
008 210909s2018 dcuab ob f000 0 eng c
005 20230113210931.7
035 |a (OCoLC)on1297871909 
040 |a XND  |b eng  |e rda  |e pn  |c XND  |d GPO  |d MvI 
042 |a pcc 
043 |a n-us--- 
049 |a WWW 
074 |a 0546-D (online) 
086 0 |a GA 1.13:GAO-19-115 
088 |a GAO-19-115 
110 1 |a United States.  |b Government Accountability Office,  |0 https://id.loc.gov/authorities/names/no2004066329  |e author. 
245 1 0 |a Supplemental Nutrition Assistance Program: disseminating information on successful use of data analytics could help states manage fraud risks : report to congressional requesters. 
246 3 0 |a Disseminating information on successful use of data analytics could help states manage fraud risks 
264 1 |a Washington, DC :  |b United States Government Accountability Office,  |c 2018. 
300 |a 1 online resource (iii, 50 pages) :  |b color illustrations, color map 
336 |a text  |b txt  |2 rdacontent 
337 |a computer  |b c  |2 rdamedia 
338 |a online resource  |b cr  |2 rdacarrier 
500 |a "October 2018." 
500 |a "GAO-19-115." 
500 |a GPO Cataloging Record Distribution Program (CRDP). 
504 |a Includes bibliographical references. 
588 |a Description based on online resource, PDF version; title from cover (GAO, viewed on Oct. 25, 2022). 
610 2 0 |a Supplemental Nutrition Assistance Program (U.S.)  |0 https://id.loc.gov/authorities/names/no2009120735 
650 0 |a Fraud  |0 https://id.loc.gov/authorities/subjects/sh85051619  |z United States  |0 https://id.loc.gov/authorities/names/n78095330-781  |x Prevention  |0 https://id.loc.gov/authorities/subjects/sh99002416  |x States.  |0 https://id.loc.gov/authorities/subjects/sh2001008678 
650 0 |a Waste in government spending  |0 https://id.loc.gov/authorities/subjects/sh85145419  |z United States.  |0 https://id.loc.gov/authorities/names/n78095330-781 
856 4 0 |u https://purl.fdlp.gov/GPO/gpo187967  |t 0 
999 f f |s 35b27a5a-b343-44b1-b3c2-f2dfc3997f20  |i e24ecf15-bd0e-4b11-a642-ca482f3b5f7c  |t 0 
952 f f |a Texas A&M University  |b College Station  |c Electronic Resources  |d Available Online  |t 0  |e GA 1.13:GAO-19-115  |h Superintendent of Documents classification 
998 f f |a GA 1.13:GAO-19-115  |t 0  |l Available Online